|
|
|
|
| LEADER |
00000nam a2200000 a 4500 |
| 001 |
vtls001294505 |
| 003 |
SK-MaSNL |
| 005 |
20260302065933.0 |
| 008 |
240318s1997 xo a r slo |
| 015 |
|
|
|a SNBA1997/1203502
|
| 020 |
|
|
|a 8008025670
|
| 035 |
|
|
|a SNK000246304
|
| 035 |
|
|
|a urn:nbn:sk:snk-amtj8h
|
| 035 |
|
|
|a urn:nbn:sk:snk-am00c6hn
|
| 035 |
|
|
|a 92248979-982F-43E6-9B6C-E7CDDDAAD2A7
|
| 040 |
|
|
|a SNK
|b slo
|c SNK
|e AACR2
|
| 041 |
0 |
|
|a slo
|
| 044 |
|
|
|a xo
|c SK
|
| 080 |
|
|
|a 372.47:376.4(075.2)
|2 1981
|
| 080 |
|
|
|a 376.4(075.2)
|2 1981
|
| 100 |
1 |
|
|a Brestenská, Eva,
|d 1942-
|4 aut
|9 103251
|
| 245 |
1 |
0 |
|a Hravé počty
|n 2
|c [autorky: Eva Brestenská, Mária Akopianová] ; ilustrácie Jaroslava Kolačková
|
| 250 |
|
|
|a 2. vyd.
|
| 260 |
|
|
|a Bratislava
|b Slovenské pedagogické nakladateľstvo
|c 1997
|
| 300 |
|
|
|a 80 s.
|b fareb. ilustr.
|c 30 cm
|
| 650 |
0 |
7 |
|a matematika
|2 SNKPH
|9 70174
|
| 655 |
|
7 |
|a učebnice špeciálnych škôl
|2 SNKPH
|9 290359
|
| 700 |
1 |
|
|a Akopianová, Mária
|4 aut
|9 42575
|
| 700 |
1 |
|
|a Kolačková, Jarka,
|d 1953-
|4 ill
|9 8415
|
| 919 |
|
|
|a 80-08-02567-0
|
| 958 |
|
|
|a TL
|
| 958 |
|
|
|a UX
|
| 958 |
|
|
|a OND
|
| 999 |
|
|
|c 1144599
|d 1146529
|
| 952 |
|
|
|t P60, <09>, [BOOK], {629}
|a SNK
|b SNK
|y NEVYP
|7 0
|o snkB 970
|i snk3419/970721
|0 0
|1 0
|4 0
|d 1997-07-17
|l 0
|r 2005-01-02 00:00:00
|w 2026-02-24
|
| 952 |
|
|
|t P60, <03>, [BOOK], {603}
|a SNK
|b SNK
|y PREZ
|7 0
|p 17A0085752
|o snkSB 57491
|i snkKSP 8068/97
|0 0
|1 0
|4 0
|d 1997-07-25
|f 1
|l 0
|r 2025-04-09 00:00:00
|w 2026-02-24
|
| 952 |
|
|
|t P60, <04>, [BOOK], {604}
|a SNK
|b SNK
|y VYP
|7 0
|p 17A0085751
|o snkSB 57491 D1
|i snkKSP 8069/97
|0 0
|1 0
|4 0
|d 1997-07-25
|l 0
|r 2005-01-02 00:00:00
|w 2026-02-24
|